000 00494nam a2200181Ia 4500
008 191130s1984##################000#0#eng##
020 _a9788172242862
040 _aACL
_cACL
082 _a133.5 LAG
100 _aLagu, Dhamankar
245 _aAstrology : how to cast your own horoscope
_cDhamankar Lagu
260 _aMumbai
_bJaico Publishing House
_c1984
300 _a192 p
650 _aAstrology
990 _a24647f61ac10000c53bc223615298b0e
991 _a438269
999 _c374683
_d374683